Manual de terapia de pareja: un enfoque positivo para ayudar a las relaciones con problemas
Guardat en:
| Autors principals: | , , , , |
|---|---|
| Format: | Llibre |
| Idioma: | espanyol |
| Publicat: |
Bilbao
Descleé de Brouwer
1987
|
| Col·lecció: | Biblioteca de Psicología, 34
|
| Matèries: | |
| Etiquetes: |
Afegir etiqueta
Sense etiquetes, Sigues el primer a etiquetar aquest registre!
|
MARC
| LEADER | 00000nam a2200000 a 4500 | ||
|---|---|---|---|
| 001 | UCH0626 | ||
| 003 | CL-VaPUC | ||
| 008 | 090320e19870000SP |||||||||||||||||spa|d | ||
| 020 | |a 843300705X | ||
| 082 | 0 | 4 | |a 616.89152 |b LIB |2 21 |
| 100 | 0 | |a Liberman, Robert P |e author |9 534881 | |
| 700 | 0 | |a Wheeler, Eugenie G |e author |9 534882 | |
| 700 | 0 | |a Visser, Louis A.J.M de |e author |9 534883 | |
| 700 | 0 | |a Kuehnel, Julie |e author |9 534884 | |
| 700 | 0 | |a Kuehnel, Timothy |e author |9 534885 | |
| 245 | 1 | 0 | |a Manual de terapia de pareja: un enfoque positivo para ayudar a las relaciones con problemas |
| 300 | |a 221 p | ||
| 942 | |c BK | ||
| 945 | |d 20090320 00:00:00 |a rbrito | ||
| 260 | |a Bilbao |b Descleé de Brouwer |c 1987 | ||
| 650 | 0 | |a Terapia de pareja |9 523970 | |
| 650 | 0 | |a Psicoterapia familiar |9 310747 | |
| 650 | 0 | |a Terapia familiar |9 312193 | |
| 650 | 0 | |a Psicología clínica |9 307259 | |
| 650 | 7 | |a PSICOTERAPIA |2 CL-VaPUC |9 534886 | |
| 583 | |a last modification |c 20140403 04:27:30 |k Rodrigo Vera | ||
| 490 | 0 | |a Biblioteca de Psicología, 34 | |
| 999 | |c 332908 |d 332906 | ||
| 952 | |0 0 |1 0 |4 0 |6 616_891520000000000_LIB_1987 |7 0 |8 A |9 420966 |a BIBEDU |b BIBEDU |c ES_NOD |d 2019-11-22 |i 4522346 |o 616.89152 LIB 1987 |p 4522346 |r 2023-08-09 |w 2019-11-22 |y BK |k PSI | ||